000
00358nam a2200169Ia 4500
100
_a
Rathore/Mahesh M
650
_a
Heat and Mass
250
_a
3
942
_c
BK
366
_f
10
654
_a
heat
245
_a
Engineering Heat and Mass transfer
260
_b
Universtiy science press
_c
2016
082
_b
RAT
300
_a
651
546
_a
ENGLISH
999
_c
24357
_d
24357